00273pab a2200121 454500008004000000100001600040245003500056260000900091300000900100362001300109650001700122773001200139180718b1985 xxu||||| |||| 00| 0 eng d aGupta, A.B. aSilence on the coal frontbWhy c1985 a47-8 a30 Sept. aCoal - India aCapital